A short course in geology for civil engineers / (Record no. 1188)

000 -LEADER
fixed length control field 00506 a2200133 4500
020 ## - INTERNATIONAL STANDARD BOOK NUMBER
International Standard Book Number 9780727733504
020 ## - INTERNATIONAL STANDARD BOOK NUMBER
International Standard Book Number 0727733508
082 ## - DEWEY DECIMAL CLASSIFICATION NUMBER
Classification number 624.151363 MAT
100 ## - MAIN ENTRY--PERSONAL NAME
Personal name Matthews, M. C.
245 12 - TITLE STATEMENT
Title A short course in geology for civil engineers /
Statement of responsibility, etc. Marcus Matthews, Noel Simons and Bruce Menzies.
260 ## - PUBLICATION, DISTRIBUTION, ETC.
Place of publication, distribution, etc. London :
Name of publisher, distributor, etc. Thomas Telford Pub. ;
Place of publication, distribution, etc. Reston, VA :
Name of publisher, distributor, etc. Distributors for USA, ASCE Press,
Date of publication, distribution, etc. 2008.
300 ## - PHYSICAL DESCRIPTION
Extent xx, 302 p., [7] p. of plates :
Other physical details ill. (some col.), maps ;
Dimensions 25 cm.
650 ## - SUBJECT ADDED ENTRY--TOPICAL TERM
Topical term or geographic name entry element Engineering geology.
650 ## - SUBJECT ADDED ENTRY--TOPICAL TERM
Topical term or geographic name entry element Geology.
Holdings
Withdrawn status Lost status Damaged status Not for loan Permanent Location Current Location Shelving location Date acquired Total Checkouts Full call number Barcode Date last seen Price effective from Koha item type
        School of Civil and Environmental Engineering (SCEE) School of Civil and Environmental Engineering (SCEE)       624.151363 MAT NIT-6182 01/05/2017 01/05/2017 Book
© 2023 Central Library, National University of Sciences and Technology. All Rights Reserved.